000 00456nam a2200169Ia 4500
008 230917s9999||||xx |||||||||||||| ||und||
020 _cRS2500
040 _e229209
_aMAIN
041 _aEnglish
082 _a595.7 S34P
100 _aSteinhaus, Edward A
245 0 _aPrinciples of insects pathology
260 _aNew Delhi
_bBiogreen Books
_c2013
300 _aix, 757 p.
500 _a2170 09/11/2015 RBP15/48771 24/11/2015 Main Budget
942 _cBK
999 _c16584
_d16584